| 000 | 00987nam a2200301 i 4500 | ||
|---|---|---|---|
| 001 | 52302 | ||
| 003 | KOSZ 005 | ||
| 005 | 20211019112003.0 | ||
| 008 | 040404s2003 pl |000 0 pol d | ||
| 020 | _a8391190978 | ||
| 040 |
_cKOSZ 005 _aKOSZ 005 _dKOSZ 005/HR |
||
| 041 | 0 | _apol | |
| 046 | _k2013 | ||
| 080 | _a656.1-049.5 | ||
| 100 | 1 |
_aKrystek, Ryszard _d(1941-2017) _eAutor |
|
| 245 | 1 | 0 |
_aNiebezpieczeństwo ruchu drogowego : _bmity i rzeczywistość / _cRyszard Krystek. |
| 260 |
_aGdańsk : _bFundacja Rozwoju Inżynierii Lądowej, _c[2003]. |
||
| 300 |
_a62, [1] s. : _bil. ; _c23 cm. |
||
| 380 | _aKsiążki | ||
| 388 | _a2001- | ||
| 650 | 4 | _aKomunikacja drogowa | |
| 650 | 4 | _aBezpieczeństwo komunikacyjne | |
| 650 | 4 | _aTransport | |
| 655 | 4 | _aWydawnictwa popularne | |
| 658 | _aTransport i logistyka | ||
| 856 |
_uhttp://koha.tu.koszalin.pl/cgi-bin/koha/opac-detail.pl?biblionumber=52302 _yKatalog online BPK |
||
| 942 |
_cKS _2UKD |
||
| 999 |
_c52302 _d52302 |
||